00621nam a2200229Ia 4500008004100000020001800041050002000059050001400079100001600093245002900109245005500138245002700193250001600220260001600236260003400252260000900286300001600295300001100311500002000322650002800342650002100370180523s9999 xx 000 0 und d a0-273-68803-0 aMAIN HF 5718.22 b.J39 2004 aJay, Anton. 0aEffective presentation : 0bhow to create and deliver a winning presentation / 0cAnton Jay and Ros Jay. a3rd Edition aSingapore : bPearson Education South Asia, c2004 a136 pages : c23 cm. aIncludes index. aBusiness presentations. xPublic speaking.